Quiz sur Louis Pouvel - Statistiques

Statistiques générales
  • Ce quiz a été pris 45 fois
  • Le résultat moyen est 11 sur 15
Statistiques - réponses
Question Réponse % Correct
Quel poids fait-il ? (environ) 80 kg
100%
Quel est le plat préféré de Louis Pouvel ? Andouillette
100%
Quel est le rêve ultime de Louis Pouvel ? Astrid Cheylus
100%
Où Louis Pouvel peut-il (vraiment) faire des efforts ? L’orthographe
100%
De quel pays souhaite-t-il devenir empereur ? Russie
100%
Quel était son cadeau pour ses 19 ans ? Un cochon nommé N’golo
100%
Quel est le nom de son frère aîné (le premier) Victor
100%
Où est né Louis Pouvel ? Viriat
100%
Quand est né Louis Pouvel ? 12 juin 2002
50%
Quelle taille fait-il ? 1,70
50%
Avec combien de filles est-il sortit dans sa vie ? 2
50%
Que fait Louis Pouvel en lendemain de soirée ? Le ménage
50%
Comment est mort son lapin Félix ? Mort de vieillesse
50%
Combien de kilomètres à t-il fait en vélo en 2022 ? Plus de 3000 km
50%
Que cache Louis Pouvel chez lui ? Une chicha
0%
Aucun quiz correspondant
Distribution des résultats
% des personnes avec chaque résultat
Percentile par nombre de réponses
Votre historique - résultats
Vous n’avez pas pris ce quiz